Countries with the Most Sikhs - Statistics

General Stats
  • This quiz has been taken 33 times
  • The average score is 16 of 21
Answer Stats
Sikhs Country % Correct
524,529 United Kingdom
100%
280,000 United States
100%
771,790 Canada
97%
18,000 Germany
97%
20,833,116 India
97%
15,998 Pakistan
97%
30,000 France
93%
220,000 Italy
90%
26,000 Spain
90%
210,400 Australia
83%
53,406 New Zealand
80%
52,000 United Arab Emirates
77%
100,000 Malaysia
73%
15,000 Indonesia
70%
15,000 Netherlands
70%
35,000 Portugal
53%
70,000 Thailand
53%
33,704 Oman
50%
28,436 Philippines
47%
15,000 Kuwait
43%
20,000 Greece
33%
No matching quizzes found
Score Distribution
Percent of People with Each Score
Percentile by Number Answered
Your Score History
You have not taken this quiz